| 000 | 00690nam a22001937a 4500 | ||
|---|---|---|---|
| 005 | 20180424130841.0 | ||
| 010 | _aB-691539-540 | ||
| 020 |
_c845.00 _a9788185273181 |
||
| 035 | _aB-691539-540 | ||
| 037 | _bR.K.Books | ||
| 082 | _a915.4 | ||
| 100 | _aSingh, R.L. | ||
| 245 |
_aIndia / _cR.L.Singh _ba regional geography |
||
| 260 |
_aNew Delhi _bUBS Publishers _c2017 |
||
| 270 |
_a5 Ansari Road, Darayaganj _bNew Delhi _e110002 |
||
| 300 |
_a992p. _c23cm(pbk) |
||
| 942 |
_2ddc _cEN _mSIN _h915.4 |
||
| 999 |
_c151730 _d151730 |
||